| 000 | 00992cam a2200301 a 4500 | ||
|---|---|---|---|
| 999 |
_c9318 _d9318 |
||
| 001 | 4015324 | ||
| 003 | OSt | ||
| 005 | 20210112153510.0 | ||
| 008 | 970325s1997 ilu b 001 0 eng | ||
| 010 | _a 97010670 | ||
| 020 | _a0830818995 (pbk. : alk. paper) | ||
| 040 |
_aDLC _cDLC _dDLC |
||
| 050 | 0 | 0 |
_aB823.3 _b.S56 1997 |
| 082 | 0 | 0 |
_a140 _221 |
| 100 | 1 | _aSire, James W. | |
| 245 | 1 | 4 |
_aThe universe next door : _ba basic worldview catalog / _cJames W. Sire. |
| 250 | _a3rd ed. | ||
| 260 |
_aDowners Grove, Ill : _bInterVarsity Press, _cc1997. |
||
| 300 |
_a237 p. ; _c21 cm. |
||
| 504 | _aIncludes bibliographical references (p. [201]-231) and index. | ||
| 650 | 0 | _aIdeology. | |
| 650 | 0 | _aApologetics. | |
| 650 | 0 |
_aTheology, Doctrinal _vPopular works. |
|
| 650 | 0 |
_aIdeology _xReligious aspects _xChristianity. |
|
| 906 |
_a7 _bcbc _corignew _d1 _eocip _f19 _gy-gencatlg |
||
| 942 |
_2ddc _cBK |
||